LEADER 05004oam 2201297zu 450 001 9910968874603321 005 20251116224904.0 035 $a(CKB)3710000000358085 035 $a(SSID)ssj0001438510 035 $a(PQKBManifestationID)11899915 035 $a(PQKBTitleCode)TC0001438510 035 $a(PQKBWorkID)11377126 035 $a(PQKB)10206416 035 $a(MiAaPQ)EBC1968699 035 $a(EXLCZ)993710000000358085 100 $a20160829d2009 uy 101 0 $aeng 135 $aurcnu|||||||| 181 $ctxt 182 $cc 183 $acr 200 04$aThe Pediatric airway : cry, stridor, and cough 205 $a1st ed. 210 31$a[Place of publication not identified]$cPlural Pub$d2009 215 $a1 online resource (470 pages) 300 $aBibliographic Level Mode of Issuance: Monograph 311 08$a1-59756-086-3 327 $aThe sound phenomena investigated : cry, stridor, and cough / J. Hirschberg, T. Szende, P. Koltai -- Historical background / J. Hirschberg -- Patients / J. Hirschberg, P. Koltai, Zs. Farkas -- Methods -- Characterization and acoustic description of the most commonly occurring sound signals / T. Szende, J. Hirschberg -- Airway and nervous anomalies associated with pathologic sound production -- The diagnostic value of the conventional examination methods and of acoustic analysis / J. Hirschberg, T. Szende, I. Lellei. 330 $aThis multidisciplinary book describes 42 different pathological sounds, occurring in different combinations, in 54 different pathological conditions. Uniquely, while recognizing the indispensability of conventional investigation methods - endoscopy, radiology, MRI - the editors demonstrate the value of perceptive-auditive evaluation and objective acoustic analysis as a complimentary diagnostic tool. A major feature of the book is that the diagnostic evaluations are based on exactly determined parameters in terms of acoustics. 606 $aCough$xDiagnosis$xDiseases 606 $aPulmonary manifestations of general diseases 606 $aCrying in infants 606 $aAirway (Medicine) 606 $aChildren 606 $aSigns and Symptoms, Respiratory 606 $aDiagnostic Techniques and Procedures 606 $aRespiratory Physiological Phenomena 606 $aDiagnostic Techniques, Respiratory System 606 $aAge Groups 606 $aLanguage Development 606 $aRespiration Disorders 606 $aNonverbal Communication 606 $aInvestigative Techniques 606 $aPersons 606 $aChild Development 606 $aSigns and Symptoms 606 $aDiagnostic Techniques and Procedures 606 $aCirculatory and Respiratory Physiological Phenomena 606 $aCommunication 606 $aRespiratory Tract Diseases 606 $aBehavior 606 $aPathological Conditions, Signs and Symptoms 606 $aHuman Development 606 $aDisease 606 $aBehavior and Behavior Mechanisms 606 $aPsychology 606 $aRespiratory Sounds 606 $aChild 606 $aSound Spectrography 606 $aCough 606 $aCrying 606 $aInfant 606 $aDiagnosis 606 $aMedicine$2HILCC 606 $aHealth & Biological Sciences$2HILCC 606 $aPediatrics$2HILCC 615 0$aCough$xDiagnosis$xDiseases. 615 0$aPulmonary manifestations of general diseases. 615 0$aCrying in infants. 615 0$aAirway (Medicine) 615 0$aChildren. 615 2$aSigns and Symptoms, Respiratory. 615 2$aDiagnostic Techniques and Procedures. 615 2$aRespiratory Physiological Phenomena. 615 2$aDiagnostic Techniques, Respiratory System. 615 2$aAge Groups. 615 2$aLanguage Development. 615 2$aRespiration Disorders. 615 2$aNonverbal Communication. 615 2$aInvestigative Techniques. 615 2$aPersons. 615 2$aChild Development. 615 2$aSigns and Symptoms. 615 2$aDiagnostic Techniques and Procedures. 615 2$aCirculatory and Respiratory Physiological Phenomena. 615 2$aCommunication. 615 2$aRespiratory Tract Diseases. 615 2$aBehavior. 615 2$aPathological Conditions, Signs and Symptoms. 615 2$aHuman Development. 615 2$aDisease. 615 2$aBehavior and Behavior Mechanisms. 615 2$aPsychology. 615 2$aRespiratory Sounds. 615 2$aChild. 615 2$aSound Spectrography. 615 2$aCough. 615 2$aCrying. 615 2$aInfant. 615 2$aDiagnosis. 615 7$aMedicine 615 7$aHealth & Biological Sciences 615 7$aPediatrics 676 $a618.92 700 $aHirschberg$b J$01881831 702 $aHirschberg$b J. 801 0$bPQKB 906 $aBOOK 912 $a9910968874603321 996 $aThe Pediatric airway : cry, stridor, and cough$94496685 997 $aUNINA